000 00943nam a2200241 i 4500
001 17742
003 ES-MaACL
005 20250824014714.0
007 t|
008 010514s1944 sp |||| | spa d
080 _a821.134.2-2(082.2)
245 0 0 _aPiezas teatrales cortas /
_cselección, observaciones preliminares y notas por Eduardo Juliá Martínez ; ilustraciones de Malasaña.
260 _aMadrid :
_bConsejo Superior de Investigaciones Científicas, Instituto Antonio de Nebrija,
_c1944.
300 _a303 p. :
_bil. ;
_c19 cm.
490 1 _aBiblioteca literaria del estudiante ;
_v6
650 7 _aTeatro breve español
_2embne
_9166792
700 1 _aJuliá Martínez, Eduardo.
_967238
700 1 _aMalasaña.
_975694
710 2 _aInstituto Antonio de Nebrija.
_94795
830 1 _aBiblioteca literaria del estudiante ;
_v6
_9185110
852 4 _aES-MaACL
_jAND-23
_z- Biblioteca Juan Andrade
999 _c17742
_d17742